000 00308nam a22001337a 4500
020 _qPB.
040 _cFIZZA ISHAQ
082 _a604.2
_bNDB
100 _aBHATT, N.D.
_986071
245 _aEMGINEERING DRAWING /
_cN.D BHATT.
260 _aNEW DEHLI :
_bSNDA,
_c1958.
300 _a719 P. ;
942 _2ddc
_cBK
999 _c587226
_d587226